Bohemian graduates in Bratislava region

Absolventi umeleckých univerzít a realita pracovného trhu v Bratislavskom regióne.

Saved in:
Bibliographic Details
Main Author: Belvončíková, Eva, 1975-
Format: Book Chapter
Language:English
Subjects:
Tags: Add Tag
No Tags, Be the first to tag this record!

MARC

LEADER 00000nla a2200000 4500
001 0168015
005 20240502072929.2
041 0 |a eng 
044 |a SK 
245 1 0 |a Bohemian graduates in Bratislava region  |c Eva Belvončíková 
520 |a Absolventi umeleckých univerzít a realita pracovného trhu v Bratislavskom regióne. 
610 2 0 |a trh práce 
610 2 0 |a umelci 
610 2 0 |a absolventi 
610 2 0 |a vzdelanie vysokoškolské 
610 2 0 |a Slovensko 
100 1 |a Belvončíková, Eva, 1975-